000 00694nam a2200205 i 4500
001 99108
003 ES-MaACL
005 20230906182435.0
007 t|
008 051122s1969 pr ||||1| spa d
080 _a61(729.5)(091)
100 1 _aArana-Soto, S.
_922263
245 1 4 _aLos desafíos y los médicos puertorriqueños y otros artículos afines /
_cS. Arana-Soto.
250 _a1ª ed.
260 _aSan Juan de Puerto Rico :
_bAsociación Médica de Puerto Rico, Comité de Historia y Cultura,
_c1965.
300 _a126 p. ;
_c22 cm.
650 1 4 _aMedicina-
_zPuerto Rico.
_914917
710 2 _aAsociación Médica de Puerto Rico.
_91750
852 _aES-MaACL
_jE-11075
_bR.136728
999 _c99108
_d99108